000 00668nam a22001817a 4500
999 _c371828
_d371828
008 201127b ||||| |||| 00| 0 eng d
040 _aDE-2950
_bger
_cDE-2950
_erda
041 _ager
245 _aAutos bleiben im Wasser stecken.
_bUnwetter. Starkregen hat dazu geführt, dass viele Straßen und Keller in Frankfurt unter Wasser standen/
264 _c2022
653 _aFrankfurt (Oder)
653 _aStarkregen
773 _dFrankfurt (Oder) Märkisches Verlags- und Druckhaus GmbH & Co KG
_tMärkische Oderzeitung
_g33. Jahrgang (2022) Nr. 201 vom 29.08.2022, S. 11,
942 _cA